000 00719nam a2200241 a 4500
001 45160
003 BD-RjUL
005 20211209053955.0
008 160724r19931970enka b 001 0 eng
035 _a(BD-RjUL)45278
040 _aDLC
_cDLC
_dBD-RjUL
_beng
041 _aeng
082 0 0 _223
_a312
_bCOD 1993
100 1 _aCox, Peter R.
_9107914
245 1 0 _aDemography /
_cPeter R. Cox.
250 _a5th ed.
260 _aCambridge :
_bPublished for the Institute of Actuaries and the Faculty of Actuaries at the University Press,
_cc1970 [reprint 1993]
300 _a392 p. :
_bill. ;
_c22 cm.
500 _aIncludes index.
650 0 _aDemography.
_9107976
650 0 _aPopulation.
_9138345
942 _2ddc
_cBK
999 _c45160
_d45160